| 000 | 00517nam a2200169#a 4500 | ||
|---|---|---|---|
| 001 | 01446 | ||
| 003 | HDC | ||
| 007 | ta | ||
| 008 | 230623s2023 xx 000 0 eng d | ||
| 040 | _aHDC | ||
| 050 |
_acd TX911.3 _b .S3 A73 2005 c19 |
||
| 245 | 0 |
_aHACCP & sanitation in restaurants and food service operations : _ba practical guide based on the FDA food code, with companion CD-ROM / _cby Lora Arduser and Douglas Robert Brown. |
|
| 942 | _2lcc | ||
| 942 | _cBK | ||
| 942 | _kcd TX911.3 | ||
| 942 | _m .S3 A73 2005 c19 | ||
| 999 |
_c23012 _d23012 |
||